[Event "GER-ch U15 Girls"]
[Site "Kleinschmalkalden"]
[Date "1993.07.25"]
[Round "3"]
[White "Wenke, Petra"]
[Black "Weber, Antje"]
[Result "0-1"]
[WhiteElo "1116"]
[BlackElo "1442"]
[PlyCount "60"]
[EventDate "1993.07.22"]
[EventType "swiss"]
[EventRounds "9"]
[EventCountry "GER"]
[SourceTitle "EXT 2013"]
[Source "ChessBase"]
[SourceDate "2012.11.22"]
[SourceVersion "1"]
[SourceVersionDate "2012.11.22"]
[SourceQuality "1"]

1. e4 c5 2. Bc4 e6 3. d3 a6 4. a3 d6 5. Nc3 Nd7 6. Nf3 Be7 7. Be3 Qc7 8. 0-0 Ngf6 9. Qe2 b5 10. Ba2 Bb7 11. Nd2 d5 12. exd5 exd5 13. Nd1 0-0 14. b3 Qc6 15. Nf3 Rfe8 16. c4 d4 17. Bf4 Bd6 18. Qd2 Ne5 19. Bxe5 Bxe5 20. Nb2 h6 21. Bb1 Ng4 22. a4 Nxh2 23. cxb5 Nxf3+ 24. Kh1 Nxd2 25. bxc6 Bxc6 26. Re1 Nxb1 27. Raxb1 Bf6 28. Rxe8+ Rxe8 29. Rc1 Re2 30. Kg1 Rxb2 0-1